Emil na cestách : pro mateřské školy : informatika s Emilem MŠ : pracovní sešit /

Hlavní autor: Bezáková, Daniela, 1977-
Další autoři: Kovaljová, Kateřina, 1981-
Jazyk: Čeština
Vydáno: Žďár nad Sázavou : H-edu, [2021]
Vydání: 1. vydání
Témata:
Fyzický popis: 17 stran : barevné ilustrace ; 30 cm + 1 nečíslovaný list vystřihovánek
Knihy
Uloženo v:
LEADER 02464nam a2200637 i 4500
001 nkc20233517253
003 CZ PrNK
005 20230809102603.0
007 ta
008 230425t20212021xr a a 000 0 cze
015 |a cnb003517253 
020 |a 978-80-907769-3-7  |q (brožováno) 
035 |a (OCoLC)1381701909 
040 |a ABA001  |b cze  |e rda 
041 1 |a cze  |h slo 
072 7 |a 007  |x Teorie systémů. Automatické systémy. Informační systémy. Kybernetika  |2 Konspekt  |9 23 
072 7 |a 0/9-053.2  |x Literatura pro děti a mládež (naučná)  |2 Konspekt  |9 26 
080 |a 007+004  |2 MRF 
080 |a 159.955:[007+004]  |2 MRF 
080 |a 004.42  |2 MRF 
080 |a 373.24  |2 MRF 
080 |a (076.1)  |2 MRF 
080 |a (0.053.2)  |2 MRF 
100 1 |a Bezáková, Daniela,  |d 1977-  |7 jo20231186152  |4 aut 
245 1 0 |a Emil na cestách :  |b pro mateřské školy : informatika s Emilem MŠ : pracovní sešit /  |c autoři Daniela Bezáková ; překlad a jazyková korektura české verze Kateřina Kovaljová 
246 3 0 |a Emil na cestách pro mateřské školy 
246 3 0 |a Informatika s Emilem MŠ 
250 |a 1. vydání 
264 1 |a Žďár nad Sázavou :  |b H-edu,  |c [2021] 
264 4 |c ©2021 
300 |a 17 stran :  |b barevné ilustrace ;  |c 30 cm +  |e 1 nečíslovaný list vystřihovánek 
336 |a text  |b txt  |2 rdacontent 
336 |a statický obraz  |b sti  |2 rdacontent 
337 |a bez média  |b n  |2 rdamedia 
338 |a svazek  |b nc  |2 rdacarrier 
500 |a Přeloženo ze slovenštiny 
500 |a Pod názvem: robot Emil - informatika s Emilem 
500 |a List s vystřihovánkami všit na konci publikace 
650 0 7 |a informatika  |7 ph137095  |2 czenas 
650 0 7 |a informatické myšlení  |7 ph1097095  |2 czenas 
650 0 7 |a programování  |7 ph115891  |2 czenas 
650 0 7 |a mateřské školy  |7 ph122683  |2 czenas 
650 0 9 |a informatics  |2 eczenas 
650 0 9 |a computational thinking  |2 eczenas 
650 0 9 |a programming  |2 eczenas 
650 0 9 |a kindergartens  |2 eczenas 
655 7 |a pracovní sešity  |7 fd133116  |2 czenas 
655 7 |a publikace pro děti  |7 fd133156  |2 czenas 
655 9 |a activity books  |2 eczenas 
655 9 |a children's literature  |2 eczenas 
700 1 |a Kovaljová, Kateřina,  |d 1981-  |7 jo20231192462  |4 trl 
910 2 |a BOA001  |b 4-1510.597 
990 |a BK 
995 |a 01 
991 |b 202308  |c NOV 
996 6 |b 2610945464  |c 4-1510.597  |l MZK  |r Sklad / do 1 hodiny  |n 0  |p p.v.  |w 001934439  |u 000010  |a 1  |e BOA001  |j MZK50  |s P